00768nam a2200169 a 450000100100000000500170001000800410002704000250006810000350009324501300012826001260025830000200038450000630040404900090046795201050047699900170058100002953820200930055624.0110418s1982 dr 000 0 spa d aDO-SdBNPbspacBNPHU1 aRodríguez, Leovigildo95638313aEl papel de la educación formal en la reducción del analfabetismo en la República Dominicana /cLeovigildo Rodríguez. aSantiago de los Caballeros, República Dominicana :bCentro de Documentación e Investigación EducativabUCMM,c1982. a16 p. ;c22 cm. aIncluye datos biográficos del autor en la contracubierta aBNPD 0010718PDaPDbPDcCTd2011-04-18iLF1l0o p29538-10r2020-06-25w2020-06-25yLFPDZNo se presta c29030d29030